-
SHARMA,NIRMAL ,SHARMA , YOGESHWAR AND SHARMA G.C
Entry Personal Name
Number of records used in: 1
001 - CONTROL NUMBER
003 - CONTROL NUMBER IDENTIFIER
005 - DATE AND TIME OF LATEST TRANSACTION
- control field:
20240106154303.0
008 - FIXED-LENGTH DATA ELEMENTS
- fixed length control field:
240106|| aca||aabn | a|a d
040 ## - CATALOGING SOURCE
- Original cataloging agency:
JRU
- Transcribing agency:
JRU
100 ## - HEADING--PERSONAL NAME
- Personal name:
SHARMA,NIRMAL ,SHARMA , YOGESHWAR AND SHARMA G.C
670 ## - SOURCE DATA FOUND
- Source citation:
Work cat.: (JRU)7864: SHARMA,NIRMAL ,SHARMA , YOGESHWAR AND SHARMA G.C, PRACTICAL PHARMACEUTICAL CHEMISTRY [II] AND VIVA VOCA